00720 2200241 4500001002100000005001700021008004100038020002200079035002500101040001200126082001300138084002100151100002100172245009800193260004100291300004000332650002400372700001600396850001200412990001800424990001800442990001800460INLIS00000000001807620160304084631.0  a978-602-02-7498-0 a0010-031600000000086 aYOPDYOG a297.2112 aK 297.2112 Far K aFARIQ AKABA, Aby aKisah & mukjizat asmaul husnab: membangun akhlak anak muslimc/ Aby Fariq Akaba, M. Isnaeni. aJakartabElex Media Komputindoc2015 a104 hlm.b: ilus.c; 23 cm [3 eks.] aAsmaul husna-Bacaan aIsnaeni, M. aYOPDYOG a27386-PD/B.15 a27387-PD/B.15 a27388-PD/B.15